| 000 | 00333nam a22001217a 4500 | ||
|---|---|---|---|
| 008 | 160420b xxu||||| |||| 00| 0 eng d | ||
| 020 | _a9780132840071 | ||
| 020 | _a0132840073 | ||
| 041 | _aeng | ||
| 080 | _a618.2 | ||
| 245 |
_aCHild Health; Nursing: _cJane W.Ball RN Drph; Ruth C.Bindler RNC PHD ;Kay J. BN BC MSN; |
||
| 942 |
_2udc _cBK |
||
| 999 |
_c1465 _d1465 |
||